000 00783nam a2200289Ia 4500
001 2347
003 IT-RoPAU
008 130308s9999 xx 000 0 und d
040 _aIT-RoPAU
040 _cIT-RoPAU
041 _aITALIANO
100 _aCohen Robert
100 _gCodice Aut. SPICS: 12226
245 _aMizoguchi e il modernismo-Struttura, cultura, punto di vista
245 _bCinema di Kenji Mizoguchi (Il)
250 _a1a ed.
260 _aVENEZIA
260 _bLa Biennale/Eri
260 _c1980 [1° Ed.:1980 - Ed.Ling.Originale:1978]
300 _a"15 p. (prefazione: no ; testo: 15 [pagine: 96-110])"
650 _aAUTORI/OPERE DEL CINEMA
650 _eCodice materia Spics: 6807
942 _cBK
957 _71
999 _c52932
_d52932
999 _bSI
999 _g1